[Event "Schleswig Holstein-ch U14 VM"]
[Site "Neumuenster"]
[Date "2008.03.27"]
[Round "6"]
[White "Thee, Marten Claas"]
[Black "Mandelkow, Robert"]
[Result "1/2-1/2"]
[WhiteElo "799"]
[BlackElo "744"]
[PlyCount "75"]
[EventDate "2008.03.24"]
[EventType "swiss"]
[EventRounds "9"]
[EventCountry "GER"]
[SourceTitle "EXT 2009"]
[Source "ChessBase"]
[SourceDate "2008.11.26"]
[SourceVersion "1"]
[SourceVersionDate "2008.11.26"]
[SourceQuality "1"]

1. d4 d5 2. Nf3 Nf6 3. e3 Nc6 4. Be2 Bf5 5. 0-0 e6 6. c4 Bd6 7. Nc3 dxc4 8. Bxc4 0-0 9. Bd3 Bxd3 10. Qxd3 Nb4 11. Qb5 b6 12. Bd2 a6 13. Qe2 c5 14. Rac1 Rc8 15. a3 cxd4 16. exd4 Nbd5 17. Nxd5 exd5 18. Qxa6 Ne4 19. Rxc8 Qxc8 20. Qxb6 Nxd2 21. Nxd2 Bf4 22. Qb4 Qc2 23. Nf3 h6 24. g3 Rb8 25. Qc3 Qxc3 26. bxc3 Bd6 27. Ra1 Rb3 28. a4 Rxc3 29. Kg2 Kf8 30. a5 Rc8 31. a6 Ra8 32. Ne5 Bxe5 33. dxe5 Ra7 34. Ra4 Ke7 35. Kf3 Ke6 36. Ke3 Kxe5 37. f4+ Kd6 38. Kd4 1/2-1/2